Członkowie rodziny Asadów - Statystyki

Ogólne statystyki
  • Ten quiz został rozwiązany 19 razy
  • Średni wynik to 5 z 7
Statystyki odpowiedzi
Hint Odpowiedź % Poprawnych
Syn Baszszar
100%
Syn Basil
75%
Ojciec Hafiz
75%
Syn Mahir
75%
Syn Majd
75%
Matka Anisa
50%
Córka Buszra
50%
Nie znaleziono quizów pasujących do podanych kryteriów
Rozkład punktacji
Procent ludzi z każdym wynikiem
Percentyl według liczby udzielonych odpowiedzi
Twoja historia wyników
Nie rozwiązałeś tego quizu